• 首页
  • 本馆介绍
  • 公告通知
  • 最新文献
  • 馆藏检索
  • 电子资源
  • 读者导购
  • 参考咨询
  • 我的图书馆
  • 登录
  • 详细信息显示
  • 放入我的书架
  • 预约/预借图书
  • 作者相关作品
  • 分类相关作品
  • 丛书相关作品
  • 出版社相关作品

书目信息

  • 表格格式
  • 工作单格式
  • 卡片格式
题名:
语段知识
    
 
作者: 郝长留 编
分册:  
出版信息: 北京   北京出版社  1983
页数: 187页
开本: 19cm
丛书名: 语文小丛书
单 册:
中图分类: H04
科图分类:
主题词: 语段--基本知识
电子资源:
ISBN:
000 00679nam2 2200265 45
001 0183010795
005 20040424093525.0
010    @dCNY0.54
091    @a7071.945
100    @a19950512d1983 em y0chiy0121 ea
101 0  @achi
102    @aCN@b110000
105    @ay z 000yy
106    @ar
200 10 @a语段知识@Ayu duan zhi shi@f郝长留编
210    @a北京@c北京出版社@d1983
215    @a187页@d19cm
225 2  @a语文小丛书
410  0 @120010@a语文小丛书
606    @a语段@x基本知识
690    @aH04@v3
701  0 @a郝长留@Ahao chang liu@4编
801  0 @aCN@b上海图书馆@c20040424
801  2 @aCN@bNLC@c20040424
905    @f2@b103867-868@dH04@e9@b158624-626@f3
    
    语段知识/郝长留编.-北京:北京出版社,1983
    187页;19cm.-(语文小丛书)
    
    
    ISBN :CNY0.54
    
●
相关链接 在E读中查询图书 在五车中查询图书 在当当中查询图书 在豆瓣中查询图书


正题名:语段知识     索取号:H04/9         预约/预借

序号 登录号 条形码 馆藏地/架位号 状态 备注
1 0103867   000820277   第四借阅区/ [索取号:H04/9] 在馆    
2 0103868   000904178   第四借阅区/ [索取号:H04/9] 在馆    
3 0103869   000820311   第二样本阅览室/ [索取号:H04/9] 在馆    
4 0158624   000820295   第四借阅区/ [索取号:H04/9] 在馆    
5 0158625   000820286   第四借阅区/ [索取号:H04/9] 在馆    
6 0158626   000820302   第四借阅区/ [索取号:H04/9] 在馆    
唐山师范学院图书馆 欢迎您!
大连网信软件有限公司© 版权所有